| 000 | 00446pab a2200157 454500 | ||
|---|---|---|---|
| 008 | 180718b1995 xxu||||| |||| 00| 0 eng d | ||
| 100 | _aMallik, Radhamohan | ||
| 245 |
_aIn managing groundwater together for irrigation _ban analytical investigation. |
||
| 260 | _c1995 | ||
| 300 | _ap.385-408 | ||
| 362 | _aOct-Dec | ||
| 650 | _aGroundwater | ||
| 650 | _aIrrigation - India - Orissa | ||
| 773 | _aJournal of Rural Development | ||
| 909 | _a29994 | ||
| 999 |
_c29994 _d29994 |
||